Statistiken für Bundesliga: Spieler mit den meisten gelben Karten

Klicken Sie hier um das Quiz zu spielen!

Allgemein

  • Dieses Quiz wurde 79 mal gespielt
  • Das Durchschnittsergebnis liegt bei 5 aus 14

Antwortstatistiken

Spielegelbe
Karten
VereineSpieler% Korrekt
370111Gladbach, Bayern,
Wolfsburg
Stefan Effenberg
82%
40292Bremen, BVB, BayernTorsten Frings
58%
26780Lautern, Leverkusen,
Bayern
Michael Ballack
52%
46988Mannheim, Leverkusen,
BVB
Christian Wörns
42%
33383LeverkusenCarsten Ramelow
38%
39884Köln, Bayern, BVBJürgen Kohler
38%
33086Rostock, BVB, HSV,
Leverkusen
Sergej Barbarez
36%
35081LeverkusenUlf Kirsten
36%
31896HSV, NürnbergDavid Jarolim
33%
22293Pauli, Lautern, HSVBernd Hollerbach
24%
50280Nürnberg, Bayern, BVBStefan Reuter
24%
34382Leverkusen, Mainz,
Hannover, Nürnberg
Hanno Balitsch
15%
37385VfB, BielefeldGünther Schäfer
12%
33089Nürnberg, Köln,
Lautern, Wolfsburg
Frank Greiner
9%

Verteilung der Resultate

Perzentil nach korrekt beantworteten Fragen

Anzahl Personen mit jedem Resultat

Ihre Resultats-Entwicklung

Sie haben dieses Quiz noch nicht gespielt